00708 2200217 4500001002100000005001500021035002000036007000300056008004100059082002300100084002900123100001500152245010800167260006900275300002800344650001700372650001900389520002400408856003400432990002400466INLIS00000000000828820260427020203 a0010-0426000137ta260427 0 ind  a636.5/082 : 334.72 a636.5/082 : 334.72 BAK m0 aBAKAR, Abu1 aModel Pengembangan Pembibitan Ayam Lokal KUB Skala Kecil Dengan Pola Inti-Plasma (APBN-P) Di Jawa Timur aMalang :bBalai Pengkajian Teknologi Pertanian Jawa Timur,c2017 a18p. :bIlus ;c29.1 cm 4aPengembangan 4aAyam Lokal KUB aLaporan Akhir Tahun aPerpustakaan BBRMP Jawa Timur a429/2026/BBRMPJATIM